000 00716nam a22002177a 4500
003 UA-OsUOA
001 60853
007 ta
008 20090610b un ||||| |||| 00| 0 ukr d
100 _aДанніков О.В.
090 _a330(477)
_bД18
942 _cSA
040 _aUA-OsUOA
_bukr
_cUA-OsUOA
_dUA-OsUOA
245 _aАналіз загальноекономічних процесів в країні під час оцінки динаміки розвитку страхового ринку
300 _aС.27-34
955 _a0
041 _aukr
080 _a330(477)
773 0 _w60851
_tМаркетинг в Україні
_dК.
_d2009
_g2
650 7 _a330 Економіка взагалі
_2UDC
999 _c346799
_d346799